MAA měsíčník pro management a aplikace výpočetní techniky

Na minha lista:
Detalhes bibliográficos
Formato: Periódico
Idioma:tcheco
Publicado em: Praha APP Group
Assuntos:
Tags: Adicionar Tag
Sem tags, seja o primeiro a adicionar uma tag!

MARC

LEADER 00000nas1a22000001 4500
001 s120455
005 20180702133124.0
041 0 |a cze 
044 |a CZ 
245 1 0 |a MAA  |b měsíčník pro management a aplikace výpočetní techniky 
264 1 |a Praha  |b APP Group 
610 2 0 |a administratíva 
610 2 0 |a mechanizácia 
610 2 0 |a manažment